000 00419nam a2200157 i 4500
001 91410
003 ES-MaACL
005 20230906180720.0
007 t|
008 050131s1982 fr ||||1| fre d
020 _a2-7073-0133-7
100 1 _aLévinas, Emmanuel.
_971972
245 1 0 _aQuatre lectures talmudiques /
_cEmmanuel Levinas.
260 _aParís :
_bMinuit,
_c[1982]
852 _aES-MaACL
_jL-11506
_bR.113486
999 _c91410
_d91410